| Tag |
First Indicator |
Second Indicator |
Subfields |
| LEADER |
00000cam a2200000Ma 4500 |
| 001 |
in00000019978 |
| 005 |
20170825140900.0 |
| 008 |
860203s1986 nyu j 000 1 eng d |
| 010 |
|
|
|a 86002648
|
| 035 |
|
|
|a (OCoLC)317354012
|
| 035 |
|
|
|9 AAB2808AM
|
| 040 |
|
|
|a BNY
|b eng
|c BNY
|d B@L
|d OCLCF
|d OCLCO
|d OCLCQ
|d HOKAH
|d OCLCO
|d OCL
|
| 019 |
|
|
|a 438334935
|
| 020 |
|
|
|a 0899194532
|
| 020 |
|
|
|a 9780899194530
|
| 020 |
|
|
|a 0380704420
|q (pbk.)
|
| 020 |
|
|
|a 9780380704422
|q (pbk.)
|
| 035 |
|
|
|a (OCoLC)317354012
|z (OCoLC)438334935
|
| 050 |
0 |
4 |
|a PZ7.H1256
|b Wai 1986
|
| 082 |
0 |
4 |
|a [Fic]
|2 19
|
| 049 |
|
|
|a TXAM
|
| 100 |
1 |
|
|a Hahn, Mary Downing.
|
| 245 |
1 |
0 |
|a Wait till Helen comes /
|c by Mary Downing Hahn.
|
| 260 |
|
|
|a New York :
|b Clarion Books,
|c ©1986.
|
| 336 |
|
|
|a text
|b txt
|2 rdacontent
|
| 337 |
|
|
|a unmediated
|b n
|2 rdamedia
|
| 500 |
|
|
|a Published also by Avon.
|
| 520 |
|
|
|a Molly and Michael dislike their spooky new stepsister Heather but realize that they must try to save her when she seems ready to follow a ghost child to her doom.
|
| 650 |
|
0 |
|a Ghost stories.
|
| 650 |
|
0 |
|a Stepchildren
|v Juvenile fiction.
|
| 650 |
|
7 |
|a Ghost stories.
|2 fast
|0 (OCoLC)fst00942396
|
| 650 |
|
7 |
|a Stepchildren.
|2 fast
|0 (OCoLC)fst01133073
|
| 655 |
|
7 |
|a Ghost stories.
|2 fast
|0 (OCoLC)fst01726625
|
| 655 |
|
7 |
|a Fiction.
|2 fast
|0 (OCoLC)fst01423787
|
| 655 |
|
7 |
|a Juvenile works.
|2 fast
|0 (OCoLC)fst01411637
|
| 655 |
|
7 |
|a Ghost stories.
|2 lcgft
|
| 994 |
|
|
|a C0
|b TXA
|
| 999 |
f |
f |
|s ed0ae581-990f-307e-84d9-1f55d9b8b961
|i 49e459d4-6e28-3564-b208-124b6c549196
|t 0
|